| 000 | 00000nam##2200000za#4500 |
| 001 | 9.570793 |
| 003 | CaOODSP |
| 005 | 20210624182419 |
| 007 | cr ||||||||||| |
| 008 | 150406|2008||||xxc|||||o f|0| 0 eng|d |
| 022 | |a1919-5087 |
| 040 | |aCaOODSP|beng |
| 043 | |an-cn--- |
| 086 | 1 |aFs70-6/2008-003E-PDF |
| 110 | 1 |aCanada. |bDepartment of Fisheries and Oceans. |bQuebec Region. |
| 245 | 10|aAssessment of cod stock in the northern Gulf of St. Lawrence (3Pn, 4RS) in 2007 |h[electronic resource] |
| 260 | |aOttawa - Ontario : |bFisheries and Oceans Canada. |cMarch 2008. |
| 300 | |a14p.|bgraphs, illus., map, references, table |
| 490 | 1 |aCanadian Science Advisory Secretariat science advisory report |x1919-5087|v2008/003, Quebec Region |
| 590 | |a11-20-Supp|b2011-09-29 |
| 775 | 08|tÉvaluation du stock de morue du nord du golfe du Saint-Laurent (3Pn, 4RS) en 2007 |w(CaOODSP)9.601439 |
| 830 | #0|aScience advisory report (Canadian Science Advisory Secretariat)|x1919-5087|v2008/003, Quebec Region|w(CaOODSP)9.506226 |
| 856 | 40|ahttp://publications.gc.ca|qPDF|s220 KB|uhttps://publications.gc.ca/collections/collection_2011/mpo-dfo/Fs70-6-2008-003-eng.pdf|y2008/003, Quebec Region |